| 000 | 00666nam a22002177a 4500 | ||
|---|---|---|---|
| 003 | DO-SdBNP | ||
| 005 | 20180124145920.0 | ||
| 008 | 151112b 1984 sp ||||| |||| 00| 0 spa d | ||
| 020 | _a8426115500 | ||
| 040 |
_aBPMSU _bspa _cBPMSU |
||
| 092 |
_axxxxx _bxxxxx |
||
| 100 | 1 |
_aPérez y Pérez, Rafael, _d1891-1984. |
|
| 245 | 1 | 0 |
_aEntre el aviador y el millonario / _cRafael Pérez y Pérez. |
| 250 | _a4a. ed. | ||
| 260 |
_aBarcelona : _bJuventud, _c1984. |
||
| 300 |
_a192 p. ; _c18 cm. |
||
| 500 | _aIncluye datos biográficos del autor en la solapa de la contracubierta. | ||
| 942 |
_2ddc _cBK |
||
| 945 | _aInventariado, 2018 /LP | ||
| 956 |
_aLOPEREZ _b10 |
||
| 999 |
_c8657 _d8657 |
||